Quantum optics : Including noise reduction, trapped ions, quantum trajectories, and decoherence
In this second edition, there is an enlarged chapter on decoherence, as well as additional material dealing with elements of quantum computation, entanglement of pure and mixed states as well as a chapter on quantum copying and processors. These topics are presented in a unified and didactic manner....
保存先:
| 第一著者: | |
|---|---|
| フォーマット: | 図書 |
| 言語: | Undetermined |
| 出版事項: |
New York
Springer
2008
|
| 主題: | |
| タグ: |
タグ追加
タグなし, このレコードへの初めてのタグを付けませんか!
|
| Thư viện lưu trữ: | Trung tâm Học liệu Trường Đại học Cần Thơ |
|---|
| LEADER | 01013nam a2200229Ia 4500 | ||
|---|---|---|---|
| 001 | CTU_238312 | ||
| 008 | 210402s9999 xx 000 0 und d | ||
| 082 | |a 535.15 | ||
| 082 | |b O.76 | ||
| 100 | |a Orszag, Miguel | ||
| 245 | 0 | |a Quantum optics : | |
| 245 | 0 | |b Including noise reduction, trapped ions, quantum trajectories, and decoherence | |
| 245 | 0 | |c Miguel Orszag. | |
| 260 | |a New York | ||
| 260 | |b Springer | ||
| 260 | |c 2008 | ||
| 520 | |a In this second edition, there is an enlarged chapter on decoherence, as well as additional material dealing with elements of quantum computation, entanglement of pure and mixed states as well as a chapter on quantum copying and processors. These topics are presented in a unified and didactic manner. The presentation of the book is clear and pedagogical. | ||
| 526 | |a Quang lượng tử | ||
| 526 | |b TN677 | ||
| 650 | |a Quantum optics,Quang học lượng tử | ||
| 910 | |a Tuyến | ||
| 980 | |a Trung tâm Học liệu Trường Đại học Cần Thơ | ||